[Event "Treviso Lega Master op 2nd"]
[Site "Treviso"]
[Date "2018.04.03"]
[Round "3"]
[White "Sirena, Gianni"]
[Black "Gallana, Marco"]
[Result "0-1"]
[WhiteElo "2092"]
[BlackElo "2210"]
[PlyCount "68"]
[EventDate "2018.03.02"]
[EventType "swiss"]
[EventRounds "5"]
[EventCountry "ITA"]
[SourceTitle "EXT 2022"]
[Source "ChessBase"]
[SourceDate "2021.10.06"]
[SourceVersion "1"]
[SourceVersionDate "2021.10.06"]
[SourceQuality "1"]

1. e4 c5 2. Nf3 d6 3. d4 cxd4 4. Nxd4 Nf6 5. Nc3 a6 6. Be3 e5 7. Nb3 Be7 8. f3 Be6 9. Qd2 0-0 10. 0-0-0 a5 11. Kb1 a4 12. Nc1 a3 13. b3 Ra5 14. g4 d5 15. g5 Nxe4 16. fxe4 d4 17. Qg2 Nd7 18. Bd2 dxc3 19. Bxc3 Rc5 20. Bb4 Rc8 21. Bxe7 Qxe7 22. Nd3 Rfd8 23. Qd2 Nc5 24. Qb4 Qc7 25. Rc1 Nxe4 26. Qxe4 Bd5 27. Qxe5 Qxe5 28. Nxe5 Bxh1 29. Nc4 Be4 30. Nxa3 Rd2 31. Nc4 Rxh2 32. a4 Rd8 33. Kb2 h5 34. gxh6 g5 0-1

[Event "ITA-ch rapid"]
[Site "Chianciano Terme"]
[Date "2018.03.31"]
[Round "5"]
[White "Bentivegna, Francesco"]
[Black "Sirena, Gianni"]
[Result "1-0"]
[WhiteElo "2272"]
[BlackElo "2092"]
[PlyCount "97"]
[EventDate "2018.03.31"]
[EventType "swiss (rapid)"]
[EventRounds "7"]
[EventCountry "ITA"]
[SourceTitle "CBM 183 Extra"]
[Source "ChessBase"]
[SourceDate "2018.04.19"]
[SourceVersion "1"]
[SourceVersionDate "2018.04.19"]
[SourceQuality "1"]

1. e4 d6 2. d4 Nf6 3. Nc3 g6 4. f4 Bg7 5. Nf3 c5 6. Bb5+ Bd7 7. e5 Ng4 8. Bxd7+ Qxd7 9. d5 dxe5 10. h3 e4 11. hxg4 exf3 12. Qxf3 Na6 13. Bd2 0-0-0 14. 0-0-0 Nc7 15. f5 gxf5 16. gxf5 Bd4 17. Kb1 Nxd5 18. Ne4 Qc6 19. Ng5 Qf6 20. c3 Be5 21. Rhe1 Bf4 22. Bxf4 Qxf5+ 23. Re4 Nf6 24. Rde1 h6 25. Qh3 Qxh3 26. Nxh3 Nxe4 27. Rxe4 e6 28. Nf2 Rhg8 29. g3 Rd5 30. Kc2 h5 31. Re2 Rf5 32. Ne4 Kd7 33. Rd2+ Kc6 34. Rd6+ Kc7 35. Rd2+ Kc6 36. c4 h4 37. Rd6+ Kc7 38. Rd3+ Kc6 39. Nd6 Rf6 40. Ne4 Rf5 41. Rd6+ Kc7 42. Rd2+ Kc6 43. Nd6 Rf6 44. Be5 hxg3 45. Nb5 b6 46. Rd6+ Kb7 47. Rd7+ Kc8 48. Rc7+ Kd8 49. Bxf6+ 1-0

[Event "Montesilvano Adriatico op 10th"]
[Site "Montesilvano"]
[Date "2016.09.18"]
[Round "5"]
[White "Horvath, Csaba"]
[Black "Sirena, Gianni"]
[Result "1/2-1/2"]
[WhiteElo "2512"]
[BlackElo "1999"]
[PlyCount "40"]
[EventDate "2016.09.16"]
[EventType "swiss"]
[EventRounds "5"]
[EventCountry "ITA"]
[SourceTitle "CBM 174 Extra"]
[Source "ChessBase"]
[SourceDate "2016.10.10"]
[SourceVersion "1"]
[SourceVersionDate "2016.10.10"]
[SourceQuality "1"]

1. d4 Nf6 2. Nf3 g6 3. c4 c5 4. Nc3 cxd4 5. Nxd4 Bg7 6. e4 d6 7. Be2 Nc6 8. Nc2 0-0 9. 0-0 Be6 10. Ne3 Rc8 11. Rb1 a5 12. b3 Nd7 13. Ned5 Nc5 14. Bb2 f5 15. Nf4 Bd7 16. f3 fxe4 17. fxe4 Ne5 18. Kh1 Bc6 19. Bg4 Nxg4 20. Qxg4 Qd7 1/2-1/2

[Event "Montesilvano Adriatico op 10th"]
[Site "Montesilvano"]
[Date "2016.09.16"]
[Round "1"]
[White "Genocchio, Daniele"]
[Black "Sirena, Gianni"]
[Result "1-0"]
[WhiteElo "2437"]
[BlackElo "1999"]
[PlyCount "29"]
[EventDate "2016.09.16"]
[EventType "swiss"]
[EventRounds "5"]
[EventCountry "ITA"]
[SourceTitle "CBM 174 Extra"]
[Source "ChessBase"]
[SourceDate "2016.10.10"]
[SourceVersion "1"]
[SourceVersionDate "2016.10.10"]
[SourceQuality "1"]

1. c4 e5 2. Nf3 Nc6 3. Nc3 Nf6 4. e3 Bb4 5. Be2 0-0 6. 0-0 Re8 7. Qc2 d5 8. cxd5 Nxd5 9. Nxd5 Qxd5 10. Ng5 e4 11. f4 b5 12. d3 exd3 13. Bxd3 f5 14. Rd1 Bb7 15. Bf1 1-0

[Event "Milan Carnevale op-A 5th"]
[Site "Milan"]
[Date "2014.03.06"]
[Round "2"]
[White "Sirena, Gianni"]
[Black "Podetti, Davide"]
[Result "0-1"]
[WhiteElo "2028"]
[BlackElo "1824"]
[PlyCount "54"]
[EventDate "2014.03.05"]
[EventType "swiss"]
[EventRounds "6"]
[EventCountry "ITA"]
[SourceTitle "EXT 2015"]
[Source "ChessBase"]
[SourceDate "2014.11.20"]
[SourceVersion "1"]
[SourceVersionDate "2014.11.20"]
[SourceQuality "1"]

1. e4 e5 2. f4 Bc5 3. Nf3 d6 4. Bc4 Bg4 5. fxe5 Nc6 6. h3 Bxf3 7. Qxf3 Nxe5 8. Qe2 Qh4+ 9. Kd1 Nf6 10. Bd3 Nfg4 11. Rf1 Nf2+ 12. Rxf2 Bxf2 13. Nc3 0-0 14. Nd5 c6 15. Ne3 Bxe3 16. Qxe3 f5 17. exf5 Rae8 18. c3 Ng4 19. Qf3 Nh2 20. g3 Qxh3 21. Qf4 Qh5+ 22. Kc2 Nf3 23. Qxd6 Ne1+ 24. Kb3 Qd1+ 25. Ka3 Qf3 26. Bc4+ Kh8 27. Be6 Nc2+ 0-1

[Event "Milan Carnevale op-A 5th"]
[Site "Milan"]
[Date "2014.03.05"]
[Round "1"]
[White "Vezzosi, Paolo"]
[Black "Sirena, Gianni"]
[Result "1-0"]
[WhiteElo "2277"]
[BlackElo "2028"]
[PlyCount "69"]
[EventDate "2014.03.05"]
[EventType "swiss"]
[EventRounds "6"]
[EventCountry "ITA"]
[SourceTitle "EXT 2015"]
[Source "ChessBase"]
[SourceDate "2014.11.20"]
[SourceVersion "1"]
[SourceVersionDate "2014.11.20"]
[SourceQuality "1"]

1. d4 Nf6 2. Nf3 g6 3. Bf4 d6 4. Nc3 Bg7 5. e4 c6 6. Qd2 Qa5 7. 0-0-0 b5 8. e5 b4 9. exf6 bxc3 10. Qxc3 Qf5 11. fxg7 Qxf4+ 12. Kb1 Rg8 13. d5 c5 14. Bb5+ Bd7 15. Nd4 Qf6 16. Rhe1 Bxb5 17. Nxb5 Qxc3 18. Nxc3 Kd7 19. Rd3 Rxg7 20. Rde3 f6 21. Nb5 a6 22. Na3 Ra7 23. Nc4 Rb7 24. a3 Kd8 25. f4 Rb5 26. c3 Rb7 27. Kc2 g5 28. Rg3 Nd7 29. h4 g4 30. h5 f5 31. h6 Rg6 32. Na5 Rc7 33. Nc6+ Rxc6 34. dxc6 Nb8 35. c7+ 1-0

[Event "Bergamo op 12th"]
[Site "Bergamo"]
[Date "2013.07.21"]
[Round "5"]
[White "Sirena, Gianni"]
[Black "Ranfagni, Stefano"]
[Result "1/2-1/2"]
[WhiteElo "2014"]
[BlackElo "2037"]
[PlyCount "81"]
[EventDate "2013.07.19"]
[EventType "swiss"]
[EventRounds "6"]
[EventCountry "ITA"]
[SourceTitle "EXT 2024"]
[Source "ChessBase"]
[SourceDate "2023.10.10"]
[SourceVersion "1"]
[SourceVersionDate "2023.10.10"]
[SourceQuality "1"]

1. e4 e6 2. d4 d5 3. Nd2 Nf6 4. e5 Nfd7 5. c3 c5 6. Bd3 Nc6 7. Ne2 cxd4 8. cxd4 f6 9. exf6 Nxf6 10. 0-0 Bd6 11. Nf3 0-0 12. Bf4 Bxf4 13. Nxf4 Ne4 14. Ne2 Ng5 15. Nxg5 Qxg5 16. Qc1 Qf6 17. Qe3 Bd7 18. f4 Be8 19. Rad1 Bh5 20. g3 a6 21. Rfe1 Rae8 22. Rd2 Qh6 23. Nc1 Bg6 24. Bxg6 Qxg6 25. Nd3 Re7 26. Ne5 Nxe5 27. Qxe5 Qf6 28. Rde2 Qxe5 29. Rxe5 Rfe8 30. f5 Kf7 31. fxe6+ Rxe6 32. Rf1+ Kg8 33. Rxd5 Re2 34. Rf2 Re1+ 35. Kg2 h6 36. Rd7 R8e7 37. Rxe7 Rxe7 38. Kf3 Kf7 39. Re2 Rd7 40. Ke4 Ke6 41. d5+ 1/2-1/2

[Event "Milan Carnevale op 4th"]
[Site "Milan"]
[Date "2013.02.16"]
[Round "4"]
[White "Sirena, Gianni"]
[Black "Gongalov, Bojan"]
[Result "0-1"]
[WhiteElo "2008"]
[BlackElo "2118"]
[PlyCount "88"]
[EventDate "2013.02.13"]
[EventType "swiss"]
[EventRounds "6"]
[EventCountry "ITA"]
[SourceTitle "EXT 2014"]
[Source "ChessBase"]
[SourceDate "2013.11.20"]
[SourceVersion "1"]
[SourceVersionDate "2013.11.20"]
[SourceQuality "1"]

1. e4 Nf6 2. e5 Nd5 3. d4 d6 4. Nf3 dxe5 5. Nxe5 g6 6. Bc4 Be6 7. Nc3 c6 8. Qf3 Nd7 9. Nd3 Nc7 10. d5 cxd5 11. Bxd5 Nxd5 12. Nxd5 Ne5 13. Nxe5 Qxd5 14. Qxd5 Bxd5 15. 0-0 Bg7 16. Re1 0-0 17. c3 Rfd8 18. f4 h5 19. Be3 g5 20. Nf3 g4 21. Nd4 e6 22. Nb5 a6 23. Nc7 Rac8 24. Nxd5 Rxd5 25. Rad1 Rcd8 26. Rxd5 Rxd5 27. Kf1 Kh7 28. Ke2 Kg6 29. Rd1 Rxd1 30. Kxd1 Kf5 31. Ke2 Ke4 32. g3 e5 33. fxe5 Bxe5 34. a4 h4 35. gxh4 Bxh2 36. h5 Kf5 37. c4 Be5 38. b4 Ke4 39. b5 f5 40. bxa6 bxa6 41. Bb6 f4 42. h6 f3+ 43. Kf1 g3 44. h7 Kd3 0-1

[Event "Bisaccia op 2nd"]
[Site "Bisaccia"]
[Date "2010.06.01"]
[Round "6"]
[White "Consalvo, Gerardo"]
[Black "Sirena, Gianni"]
[Result "1-0"]
[WhiteElo "2013"]
[BlackElo "1974"]
[PlyCount "81"]
[EventDate "2010.05.29"]
[EventType "swiss"]
[EventRounds "7"]
[EventCountry "ITA"]
[SourceTitle "EXT 2024"]
[Source "ChessBase"]
[SourceDate "2023.10.10"]
[SourceVersion "1"]
[SourceVersionDate "2023.10.10"]
[SourceQuality "1"]

1. e4 d6 2. d4 Nf6 3. Nc3 g6 4. Be3 c6 5. Qd2 Nbd7 6. Nf3 b5 7. Bd3 a6 8. a4 b4 9. Ne2 a5 10. 0-0 Bg7 11. h3 0-0 12. g4 Qc7 13. Ng3 c5 14. c3 c4 15. Be2 b3 16. Nh2 Bb7 17. Bf3 Nb6 18. Bg2 Bc6 19. g5 Nfd7 20. f4 Nxa4 21. f5 Nab6 22. Ng4 f6 23. h4 a4 24. h5 a3 25. hxg6 axb2 26. gxh7+ Kh8 27. Rxa8 Rxa8 28. g6 Nf8 29. Nh6 Be8 30. Nh5 e5 31. Nxg7 Kxg7 32. Ng4 Nxh7 33. gxh7 Qf7 34. dxe5 Na4 35. Bh6+ Kh8 36. Qxd6 Nxc3 37. e6 Qxh7 38. Qf8+ Qg8 39. Qxf6+ Kh7 40. Qh4 Ne2+ 41. Kh2 1-0

[Event "Bisaccia op 2nd"]
[Site "Bisaccia"]
[Date "2010.05.30"]
[Round "3"]
[White "Fiore, Mario Angelo"]
[Black "Sirena, Gianni"]
[Result "1/2-1/2"]
[WhiteElo "2223"]
[BlackElo "1974"]
[PlyCount "51"]
[EventDate "2010.05.29"]
[EventType "swiss"]
[EventRounds "7"]
[EventCountry "ITA"]
[SourceTitle "EXT 2024"]
[Source "ChessBase"]
[SourceDate "2023.10.10"]
[SourceVersion "1"]
[SourceVersionDate "2023.10.10"]
[SourceQuality "1"]

1. e4 d6 2. d4 Nf6 3. Nc3 g6 4. Bg5 c6 5. f4 Bg7 6. Nf3 Nbd7 7. Bd3 0-0 8. Qd2 b5 9. e5 b4 10. Ne2 dxe5 11. fxe5 Nd5 12. 0-0 N7b6 13. Bh6 a5 14. Bxg7 Kxg7 15. Ng5 f6 16. exf6+ exf6 17. Ne4 Qe7 18. Nf4 Nxf4 19. Qxf4 Nd5 20. Qh4 Be6 21. Rae1 Rae8 22. Nc5 Qd6 23. a3 Bc8 24. axb4 axb4 25. Be4 Nb6 26. Bd3 1/2-1/2

[Event "Bisaccia op 2nd"]
[Site "Bisaccia"]
[Date "2010.05.29"]
[Round "1"]
[White "Piscopo, Pierluigi"]
[Black "Sirena, Gianni"]
[Result "1-0"]
[WhiteElo "2426"]
[BlackElo "1974"]
[PlyCount "88"]
[EventDate "2010.05.29"]
[EventType "swiss"]
[EventRounds "7"]
[EventCountry "ITA"]
[SourceTitle "EXT 2024"]
[Source "ChessBase"]
[SourceDate "2023.10.10"]
[SourceVersion "1"]
[SourceVersionDate "2023.10.10"]
[SourceQuality "1"]

1. e4 c5 2. Nf3 Nc6 3. Bb5 Nd4 4. Nxd4 cxd4 5. 0-0 e6 6. c3 Qb6 7. Ba4 Nf6 8. d3 Be7 9. cxd4 Qxd4 10. Nc3 0-0 11. Be3 Qb4 12. a3 Qa5 13. Rc1 a6 14. b4 Qd8 15. e5 Ne8 16. d4 d6 17. Qf3 Nc7 18. Qg3 Bh4 19. Qg4 f5 20. exf6 Bxf6 21. Ne4 Nd5 22. Bb3 Kh8 23. Qg3 Be7 24. Bd2 Qb6 25. Rfe1 Bd7 26. Bxd5 exd5 27. Nc5 Bh4 28. Qxh4 dxc5 29. bxc5 Qg6 30. Bc3 Rae8 31. Re7 Rf7 32. Rxe8+ Bxe8 33. Re1 Rf8 34. Qe7 Rg8 35. Qe6 Qd3 36. Qe3 Qc2 37. h4 Qg6 38. Qe5 h6 39. Re3 Bc6 40. Rg3 Qf6 41. Qe3 Kh7 42. Qd3+ Kh8 43. Rg6 Qf4 44. Qg3 Qxg3 1-0